000 00330nam a2200145Ia 4500
100 _aCundiff/E.W/ Govoni/N.A..P
942 _cBK
654 _amarketing
245 _aFundamentals of modern marketing
260 _bprentice hall
_aNew Delhi
_c1985
082 _a658.8
_bCUN
300 _a482
546 _aENGLISH
999 _c33778
_d33778